Responses for show #1793 - Wednesday, May 20, 1992

Jerome Vered game 3.

Contestants

Mike Jordan, a tax accountant originally from Port Orchard, Washington

Jeff Jacobberger, a U.S. Army captain originally from South San Francisco, California

Jerome Vered, a writer from Studio City, California (whose 2-day cash winnings total $40,401)

Jeopardy! Round responses

LITERARY CHARACTERS
ELIZABETH TAYLOR'S WEDDING
PARROTS
OSCAR WINNING SONGS
(Alex: We will give you the tune, and you have to identify the film in which that film--uh, the film in which that song won the Academy Award.)
COWBOYS
INDIA
    $100 17
the Artful Dodger

Jerome
    $100 1
(Jerome: [Selecting the first clue] Well, someone must have worked very hard for this, so let's try ELIZABETH TAYLOR'S WEDDING for $100.)

yellow

Jerome
    $100 16
(Jerome: What's the beak?)

the feet (or the claws)

JeromeMike
    $100 6
Butch Cassidy and the Sundance Kid

Jerome
    $100 21
cowpokes

Jerome
    $100 11
peanuts

Jerome
    $200 18
Sancho Panza

Jerome
    $200 2
a chimpanzee

Jerome
    $200 27
sunflowers

Jerome
    $200 7
Dr. Dolittle

Jerome
    $200 22
lariat

Jerome
    $200 12
a sari

Jerome
    $300 19
Scheherazade

Jerome
    $300 3
(Nicky) Hilton

Jerome
    $300 28
(Jeff: What is South America?)

Africa

JeffMike
    $300 8
Dirty Dancing

Triple Stumper
    $300 23
Stetson

Jeff
    $300 13
(Jawaharlal) Nehru

Jeff
    $400 20
Dante

Jeff
    $400 4
(Michael) Wilding

Jerome
    $400 29
fly

Jerome
    $400 9
Working Girl

Mike
    $400 24
the Chisholm Trail

Mike
    $400 14
Pakistan

Jeff
    $1,500 26
Of Human Bondage

Jerome
    $500 5
(Mike: Uh, what is Diamond?)
(Alex: Pardon?)
(Mike: What is Diamond?)

White Diamonds

Mike
Triple Stumper
    $500 30
the macaw

Jeff
    $500 10
Holiday Inn

Jerome
    $500 25
Dodge City

Jerome
    $500 15
Calcutta

Jerome

Scores at the first commercial break (after clue 15):

Jerome Jeff Mike
$2,600 $700 -$100

Scores at the end of the Jeopardy! Round:

Jerome Jeff Mike
$6,000 $1,600 $700

Double Jeopardy! Round responses

HISTORIC AMERICA
PHILOSOPHY
FAMOUS JAPANESE
HILLS
BALLET
1991
    $200 4
Washington

Jerome
    $200 9
fire & earth

Mike
    $200 16
Kurosawa

Jerome
    $200 11
the Acropolis

Jerome
    $200 23
Mao Zedong

Jerome
    $200 1
(Kurt) Waldheim

Mike
    $400 5
the Liberty Bell

Jerome
    $400 10
(Soren) Kierkegaard

Jeff
    $400 17
Sony

Jeff
    $400 12
Golgotha

Mike
    $400 24
Spartacus

Jerome
    $400 2
Bonn

Jerome
    $600 6
San Diego

Jeff
    $600 18
(Mike: Who is Aristotle?)

Plato

JeromeMike
    $600 28
the Nobel Prize for Literature

Jeff
    $600 13
the Black Hills

Mike
    $600 25
A Streetcar Named Desire

Mike
    $2,000 3
(Jerome: What's Chief of Staff?)

Attorney General

Jerome
    $800 7
(Mike: What is Gettysburg?)

Antietam

JeffMike
    $800 19
a clean slate (or tabula rasa)

Jerome
    $800 29
Seiko

Mike
    $800 14
Nob Hill

Jerome
    $800 26
(Jeff: Who is Copland?)

Stravinsky

JeromeJeff
    $800 21
(American) football

Jeff
    $1000 8
a lighthouse

Mike
    $1000 20
the existence of God

Jerome
    $1,200 30
(Mike: I have no idea.)
...
(Alex: You were wise not to risk more.)

Seiji Ozawa

Mike
    $1000 15
(Jerome: What's the Palatine?)
...
(Alex: Jerome had a choice, the Palatine or [*], and he picked the wrong one.)

the Capitoline

Jerome
Triple Stumper
    $1000 27
the Royal Ballet

Jerome
    $1000 22
the Iowa

Jeff

Scores at the end of the Double Jeopardy! Round:

Jerome Jeff Mike
$10,000 $5,400 $1,900

[wagering suggestions for these scores]

Final Jeopardy! Round responses

TRAVEL & TOURISM
(Alex: No, the State of Florida cannot be considered sparsely populated any longer.)
...
(Alex: You have to start thinking about things like gambling. And the State of [*]. A lot of people visiting [*], and many many individuals, of course, involved in the casinos, the hotels, and the luxury resorts in that state, all of it designed towards tourism.)
MikeWhat is Florida
$1,900
JeffWhat is Alaska?
$5,000
JeromeWhat is Wyoming?
$3,000
Nevada

Final scores:

Jerome Jeff Mike
$7,000 $400 $0
3-day champion: $47,401 2nd place: General Instrument satallite TV system + Sanyo 26" MTS-stereo TV 3rd place: Smith Corona PWP-1200 personal word processor + a Nintendo Entertainment System with Super Jeopardy! and Wheel of Fortune games

Game dynamics:

Coryat scores:

Jerome Jeff Mike
$11,000 $5,400 $3,100
32 R
(including 1 DD),
3 W
(including 1 DD)
12 R,
2 W
11 R,
4 W
(including 1 DD)

Combined Coryat: $19,500

The J! Archive is created by fans, for fans. The Jeopardy! game show and all elements thereof, including but not limited to copyright and trademark thereto, are the property of Jeopardy Productions, Inc. and are protected under law. This website is not affiliated with, sponsored by, or operated by Jeopardy Productions, Inc. Join the discussion at JBoard.tv.